Losowe państwa na mapie Ameryki - Statystyki

Ogólne statystyki
  • Ten quiz został rozwiązany 33 882 razy
  • Średni wynik to 9 z 12
Odpowiedzi na mapie
Odpowiedzi zakodowano w zielono-czerwonej skali na mapie do tego quizu, zgodnie z poniższymi procentami.
 
Statystyki odpowiedzi
Państwa % Poprawnych
Kanada
99%
Meksyk
99%
Stany Zjednoczone
99%
Brazylia
98%
Argentyna
95%
Chile
95%
Kuba
90%
Peru
90%
Kolumbia
88%
Panama
86%
Wenezuela
86%
Boliwia
85%
Urugwaj
85%
Paragwaj
83%
Ekwador
81%
Dominikana
78%
Gujana
77%
Haiti
77%
Bahamy
73%
Surinam
72%
Honduras
71%
Jamajka
71%
Kostaryka
69%
Gwatemala
67%
Nikaragua
67%
Belize
65%
Salwador
65%
Dominika
60%
Trynidad i Tobago
53%
Saint Lucia
50%
Saint Kitts i Nevis
46%
Barbados
45%
Saint Vincent i Grenadyny
44%
Antigua i Barbuda
43%
Grenada
41%
Nie znaleziono quizów pasujących do podanych kryteriów
Rozkład punktacji
Procent ludzi z każdym wynikiem
Percentyl według liczby udzielonych odpowiedzi
Twoja historia wyników
Nie rozwiązałeś tego quizu